000 00289nam a22001337a 4500
008 170823b xxu||||| |||| 00| 0 eng d
020 _a9780471476023
041 _aeng
080 _a51
100 _a38
101 _aMAT
245 _aDISCRETE MSTHEMTICS
_cENLEY.D.E
942 _2udc
_cBK
999 _c24652
_d24652